| 000 | 00779nam a2200241 a 4500 | ||
|---|---|---|---|
| 001 | 000044292 | ||
| 003 | DO-SdBNP | ||
| 005 | 20150203121242.0 | ||
| 007 | 000044292 | ||
| 008 | 140612s2013 dr a 000 0 spa d | ||
| 040 |
_aBPMET _bspa _cBPMET |
||
| 092 |
_axxxx _bxxxx |
||
| 100 | 1 | _aRodríguez, José Manuel | |
| 245 | 1 | 0 |
_aDuarte sueño de un niño / _cJosé Manuel Rodríguez, Dorka Almonte ; ilustración Ramiro Manzano. |
| 260 |
_aSanto Domingo : _bPublic Express, _c2013. |
||
| 300 |
_a19 p. : _bil. ; _c28 cm. |
||
| 700 | 1 | 2 | _aAlmonte, Dorka |
| 930 | 1 |
_lBND01 _mLF1 _820140612 _f01 _pCT _g45190 |
|
| 930 | 1 |
_lBND01 _mLF1 _820140612 _f01 _pCT _g45190 _he. 1 |
|
| 942 |
_2ddc _cBK |
||
| 956 |
_aDGARCIA _b10 _c20140612 _lBND01 _h1324 |
||
| 956 |
_aLOPEREZ _b10 _c20140617 _lBND01 _h1515 |
||
| 999 |
_c7312 _d7312 |
||